000 00365nam a2200145Ia 4500
008 240624s9999 xx 000 0 und d
041 _aeng
082 _a658.45 SEN
100 _aSEN LEENA
245 _aCOMMUNICATION SKILLS
250 _a(2nd ed.)
260 _c2008
_aNew Delhi
_bPrentice-Hall of India
300 _axiii, : 272 : p. : cm. ; 24
365 _cRS
_b36
999 _c9929
_d9929